Statistics for US Shared Sports Arenas

Click here to take the quiz!

General Stats

  • This quiz has been taken 44 times
  • The average score is 9 of 12

Answer Stats

Team Team Team Arena % Correct
New York KnicksNew York RangersMadison Square Garden
95%
Los Angeles LakersLos Angeles ClippersLos Angeles KingsStaples Center
81%
New York GiantsNew York JetsMetLife Stadium
76%
Denver NuggetsColorado AvalanchePepsi Center
76%
Philadelphia 76ersPhiladelphia FlyersWells Fargo Center
76%
Brooklyn NetsNew York IslandersBarclays Center
71%
Boston CelticsBoston BruinsTD Garden
69%
Chicago BullsChicago BlackhawksUnited Center
69%
Toronto RaptorsToronto Maple LeafsAir Canada Centre
64%
Dallas MavericksDallas StarsAmerican Airlines Center
64%
Washington WizardsWashington CapitalsVerizon Center
64%
Oakland RaidersOakland A'sOakland Coliseum
57%

Score Distribution

Percentile by Number Answered

Percent of People with Each Score

Your Score History

You have not taken this quiz